Ministerios de España - Estadísticas

Estadísticas generales
  • Esta prueba ha sido intentada 144 veces
  • La puntuación promedio es 15 de 22
Estadísticas de respuestas
Ministerios % Correcto
Educación, Formación Profesional y Deportes
90%
Interior
89%
Trabajo y Economía Social
86%
Cultura
82%
Economía, Comercio y Empresa
82%
Igualdad
82%
Sanidad
81%
Presidencia, Justicia y Relaciones con las Cortes
80%
Defensa
77%
Hacienda
73%
Agricultura, Pesca y Alimentación
71%
Transportes y Movilidad Sostenible
70%
Asuntos Exteriores, Unión Europea y Cooperación
65%
Ciencia, Innovación y Universidades
62%
Derechos Sociales, Consumo y Agenda 2030
56%
Inclusión, Seguridad Social y Migraciones
54%
Industria y Turismo
52%
Transición Ecológica y Reto Demográfico
49%
Juventud e Infancia
46%
Vivienda y Agenda Urbana
43%
Política Territorial y Memoria Democrática
37%
Transformación Digital y Función Pública
33%
No se encontraron pruebas coincidentes
Distribución de puntuación
Porcentaje de gente con cada puntuación
Porcentaje por número respondido
Historial de tus puntuaciones
No has intentado esta prueba.